[Event "PRO League Group Stage"]
[Site "chess.com INT"]
[Date "2019.01.23"]
[Round "3"]
[White "Nagle, Sean"]
[Black "Dreev, Aleksey"]
[Result "0-1"]
[WhiteTitle "IM"]
[BlackTitle "GM"]
[WhiteElo "2432"]
[BlackElo "2670"]
[WhiteTeam "Minnesota Blizzard"]
[BlackTeam "San Diego Surfers"]
[WhiteFideId "2013878"]
[BlackFideId "4100107"]
[EventDate "2019.01.08"]

1. Nf3 d5 2. d4 Nf6 3. c4 c6 4. cxd5 cxd5 5. Nc3 Nc6 6. Bf4 e6 7. e3 Nh5 8. Be5
Qb6 9. a3 Bd7 10. Bd3 Be7 11. O-O O-O 12. Na4 Qd8 13. Rc1 Nxe5 14. Nxe5 Bxa4 15.
Qxa4 Bd6 16. Rc3 Nf6 17. Rfc1 Qe7 18. Bb5 Rfd8 19. Qd1 g6 20. Ba4 Ne4 21. R3c2
a6 22. g3 Kg7 23. Kg2 h5 24. f3 Nf6 25. Rc3 h4 26. g4 h3+ 27. Kh1 Ng8 28. Qd3
Nh6 29. Bd1 Qh4 30. Qf1 Bxe5 31. dxe5 d4 32. exd4 Rxd4 33. Rc7 Rad8 34. Be2 b5
35. b3 Rd2 36. a4 Qg5 37. axb5 Qxe5 38. g5 Nf5 39. Qxh3 Rxe2 40. bxa6 Re1+ 0-1

[Event "PRO League Group Stage"]
[Site "chess.com INT"]
[Date "2019.01.23"]
[Round "3"]
[White "Tang, Andrew"]
[Black "Bryant, John Daniel"]
[Result "1-0"]
[WhiteTitle "GM"]
[BlackTitle "IM"]
[WhiteElo "2487"]
[BlackElo "2449"]
[WhiteTeam "Minnesota Blizzard"]
[BlackTeam "San Diego Surfers"]
[WhiteFideId "2059630"]
[BlackFideId "2031280"]
[EventDate "2019.01.08"]

1. d4 Nf6 2. Nf3 e6 3. Bf4 d5 4. e3 c5 5. Nbd2 Nc6 6. c3 Be7 7. Ne5 Nd7 8. Nxd7
Bxd7 9. Bd3 O-O 10. Qh5 g6 11. Qe2 cxd4 12. exd4 Bf6 13. Nf3 Re8 14. O-O Bg7 15.
Qd2 a6 16. Rfe1 b5 17. h4 Qb6 18. h5 b4 19. Bh6 Rab8 20. Qf4 Qd8 21. Bg5 f6 22.
hxg6 fxg5 23. gxh7+ Kh8 24. Nxg5 Rf8 25. Nf7+ Rxf7 26. Qxf7 e5 27. Qxd5 bxc3 28.
bxc3 exd4 29. Bc4 dxc3 30. Rab1 Rc8 31. Rb7 Bg4 32. Qf7 Qf8 33. Qg8+ Qxg8 34.
hxg8=Q+ Rxg8 35. Bxg8 Kxg8 36. Re8+ Kh7 37. Rc7 Nd4 38. Re4 Ne2+ 39. Kf1 c2 40.
Rxe2 1-0

[Event "PRO League Group Stage"]
[Site "chess.com INT"]
[Date "2019.01.23"]
[Round "3"]
[White "Sheng, Joshua"]
[Black "Flores Rios, Mauricio"]
[Result "1-0"]
[WhiteTitle "IM"]
[BlackTitle "GM"]
[WhiteElo "2451"]
[BlackElo "2529"]
[WhiteTeam "San Diego Surfers"]
[BlackTeam "Minnesota Blizzard"]
[WhiteFideId "2057360"]
[BlackFideId "3408027"]
[EventDate "2019.01.08"]

1. e4 e5 2. Nf3 Nc6 3. Bc4 Bc5 4. O-O Nf6 5. d3 O-O 6. Bg5 h6 7. Bh4 Be7 8. Bg3
d6 9. a4 Be6 10. Nbd2 Qd7 11. c3 Rad8 12. Re1 a6 13. a5 Rfe8 14. h3 Bxc4 15.
dxc4 Nh5 16. Nf1 Qe6 17. Qb3 Rb8 18. Bh2 g6 19. Ne3 Kh7 20. Nd5 Bd8 21. Qc2 Ne7
22. Rad1 Nxd5 23. cxd5 Qd7 24. b4 Rg8 25. c4 f5 26. exf5 Qxf5 27. Qe2 Qf7 28.
Nd2 Bg5 29. Ne4 Bf4 30. c5 Bxh2+ 31. Kxh2 Nf4 32. Qf3 Qe7 33. Nxd6 cxd6 34. Qxf4
Rbe8 35. Qe3 Rgf8 36. Kg1 Kg7 37. g3 Qd7 38. cxd6 Qxh3 39. Rc1 Rf7 40. Rc7 Qf5
41. Qb6 Rf8 42. Re2 h5 43. Qe3 Re8 44. Rec2 Rf8 45. Rxf7+ Rxf7 46. Rc7 g5 47. d7
Qf6 48. Qb6 Qd8 49. Rxb7 Rf8 50. Qe6 e4 51. Rb6 e3 52. Qh6+ Kf7 53. Qh7# 1-0

[Event "PRO League Group Stage"]
[Site "chess.com INT"]
[Date "2019.01.23"]
[Round "3"]
[White "Hilby, Craig"]
[Black "Corrales Jimenez, Fidel"]
[Result "0-1"]
[WhiteTitle "IM"]
[BlackTitle "GM"]
[WhiteElo "2445"]
[BlackElo "2559"]
[WhiteTeam "San Diego Surfers"]
[BlackTeam "Minnesota Blizzard"]
[WhiteFideId "2062674"]
[BlackFideId "3506690"]
[EventDate "2019.01.08"]

1. d4 Nf6 2. c4 e6 3. Nf3 d5 4. g3 Be7 5. Bg2 O-O 6. O-O dxc4 7. Ne5 Nc6 8. Bxc6
bxc6 9. Nxc6 Qe8 10. Nxe7+ Qxe7 11. b3 cxb3 12. Qxb3 Rd8 13. Ba3 Qe8 14. Rd1 Ba6
15. Nc3 Rab8 16. Qc2 h5 17. Rac1 Qc6 18. e4 Rd7 19. Nd5 Qxc2 20. Nxf6+ gxf6 21.
Rxc2 Rb5 22. Bc5 Bb7 23. Re1 a5 24. f3 Kg7 25. Kf2 Kg6 26. Ree2 a4 27. Rc4 Ra5
28. Rb2 Ba6 29. Rc3 Rb5 30. Rxb5 Bxb5 31. Ke3 f5 32. Kf4 fxe4 33. fxe4 f6 34. h4
c6 35. a3 Rb7 36. Bb4 Rd7 37. Bc5 Rf7 38. Bd6 f5 39. e5 Rg7 40. Bf8 Rg8 41. Be7
Kf7 42. Bg5 Rb8 43. Ke3 Ke8 44. Kf4 Kd7 45. Bf6 Be2 46. Ke3 Rb2 47. Bg7 Bd1 48.
Bf8 Re2+ 49. Kd3 Rg2 50. Kc4 Rb2 51. Bb4 Kc7 52. Kc5 Bb3 53. Ba5+ Kd7 54. Bb4
Bd5 55. Rc1 Rf2 56. Kb6 Re2 57. Rc3 Re4 58. Bc5 Rg4 59. Ka5 Bb3 60. Kb6 f4 61.
gxf4 Rxh4 62. Rg3 Rg4 63. Rxg4 hxg4 64. Bb4 g3 65. Be1 g2 66. Bf2 Bc4 67. Ka5
Bb5 68. Kb6 Ke7 69. Kc5 Kf7 70. Kd6 Bc4 71. Kxc6 Kg6 72. Kd6 Kf5 73. Kc5 Bb3 74.
Bg1 Kxf4 75. Kb4 Ke4 76. Kc3 Kf3 77. Kd2 Bd5 78. Ke1 Bc4 79. Kd2 Ke4 80. Ke1 Kd3
81. Kf2 Bd5 82. Bh2 Kc3 83. Bf4 Kb2 84. Bh6 Kxa3 85. Bf8+ Kb2 86. Kg1 a3 0-1

[Event "PRO League Group Stage"]
[Site "chess.com INT"]
[Date "2019.01.23"]
[Round "3"]
[White "Tiglon, Bryce"]
[Black "Naroditsky, Daniel"]
[Result "1/2-1/2"]
[WhiteTitle "IM"]
[BlackTitle "GM"]
[WhiteElo "2390"]
[BlackElo "2616"]
[WhiteTeam "Seattle Sluggers"]
[BlackTeam "San Francisco Mechanics"]
[WhiteFideId "2087456"]
[BlackFideId "2026961"]
[EventDate "2019.01.08"]

1. e4 g6 2. d4 Bg7 3. Nc3 d6 4. Be3 Nf6 5. Qd2 c6 6. Nf3 Qa5 7. h3 Nbd7 8. Bd3
e5 9. O-O O-O 10. Bh6 Re8 11. Bxg7 Kxg7 12. Rfe1 b5 13. a3 Bb7 14. Bf1 Rad8 15.
Rad1 Qb6 16. Qe3 exd4 17. Nxd4 Kh8 18. Qg3 Nh5 19. Qh4 Ne5 20. Nf5 gxf5 21. Qxh5
f4 22. Ne2 f3 23. gxf3 Rg8+ 24. Bg2 Rg7 25. Nf4 Qc7 26. Kh1 Rdg8 27. Qh4 Ng6 28.
Nxg6+ Rxg6 29. Rg1 f6 30. Qf4 Qg7 31. Qh2 Qh6 32. f4 Qh5 33. f5 Rxg2 34. Qxg2
Rxg2 35. Kxg2 c5 36. f3 d5 37. Kf2 Qh4+ 38. Rg3 Qh6 39. exd5 Bc8 40. d6 Bd7 41.
Rg4 Qf8 42. Re4 Qh6 43. Rg4 Qh5 44. Rdg1 Qe8 45. Re1 Qb8 46. Reg1 Bxf5 47. Rg7
Be6 48. Re7 Qc8 49. Rgg7 c4 50. Rxh7+ Kg8 51. d7 Qc5+ 52. Kg2 Qg5+ 53. Kf2 Qd2+
54. Kg3 Qe1+ 55. Kg2 Qe2+ 56. Kg3 Qe1+ 57. Kg2 Qd2+ 58. Kg3 Qg5+ 59. Kf2 Qd2+
60. Kg3 1/2-1/2

[Event "PRO League Group Stage"]
[Site "chess.com INT"]
[Date "2019.01.23"]
[Round "3"]
[White "Hong, Andrew"]
[Black "Sargissian, Gabriel"]
[Result "1-0"]
[WhiteTitle "FM"]
[BlackTitle "GM"]
[WhiteElo "2390"]
[BlackElo "2689"]
[WhiteTeam "San Francisco Mechanics"]
[BlackTeam "Seattle Sluggers"]
[WhiteFideId "2099438"]
[BlackFideId "13300881"]
[EventDate "2019.01.08"]

1. e4 e5 2. Nf3 Nc6 3. Bb5 Nf6 4. O-O Nxe4 5. d4 Nd6 6. Bxc6 dxc6 7. dxe5 Nf5 8.
Qxd8+ Kxd8 9. Rd1+ Ke8 10. Nc3 h6 11. b3 Ne7 12. h3 Ng6 13. Bb2 Nf4 14. Rd2 Bb4
15. a3 Bxc3 16. Bxc3 Be6 17. Rad1 c5 18. b4 cxb4 19. axb4 c6 20. Bd4 b6 21. Bb2
Nd5 22. Nd4 Nxb4 23. c3 Na6 24. Nxc6 f6 25. exf6 gxf6 26. Rd6 Nc7 27. Nd4 Kf7
28. Rc6 Rhc8 29. Nxe6 Nxe6 30. Rd7+ Ke8 31. Rxc8+ Rxc8 32. Rxa7 Rc7 33. Ra8+ Kf7
34. Rb8 Rc6 35. Bc1 h5 36. Be3 Rxc3 37. Rxb6 Rc4 38. g3 Ng7 39. Kg2 Nf5 40. Bd2
Rc2 41. Bf4 Rc4 42. Kf3 Nd4+ 43. Ke3 Nf5+ 44. Kd3 Rd4+ 45. Ke2 Ra4 46. Bc1 Nd4+
47. Kd3 Ne6 48. Bb2 Ra5 49. Ke3 Rf5 50. f4 Ra5 51. g4 hxg4 52. hxg4 f5 53. g5
Ra4 54. g6+ Ke7 55. Rb7+ Ke8 56. Be5 Re4+ 57. Kf3 Re1 58. Kf2 Rc1 59. g7 Nxg7
60. Rxg7 Kf8 61. Rb7 Ke8 62. Kg3 Rh1 63. Rb2 Kf7 64. Rh2 Rg1+ 65. Kf3 Rf1+ 66.
Ke2 Rc1 67. Rh6 Ke7 68. Rf6 Rh1 69. Rxf5 Ke6 70. Rf8 Kd5 71. Kf3 Rf1+ 72. Kg4
Ke4 73. Kg5 Rg1+ 74. Kf6 Rb1 75. Rd8 Rb6+ 76. Rd6 Rb5 77. Rd4+ Kf3 78. f5 Ke3
79. Ra4 Rb6+ 80. Ke7 Rb5 81. Ke6 1-0

[Event "PRO League Group Stage"]
[Site "chess.com INT"]
[Date "2019.01.23"]
[Round "3"]
[White "Dreev, Aleksey"]
[Black "Tang, Andrew"]
[Result "0-1"]
[WhiteTitle "GM"]
[BlackTitle "GM"]
[WhiteElo "2670"]
[BlackElo "2487"]
[WhiteTeam "San Diego Surfers"]
[BlackTeam "Minnesota Blizzard"]
[WhiteFideId "4100107"]
[BlackFideId "2059630"]
[EventDate "2019.01.08"]

1. d4 d5 2. c4 e6 3. Nf3 Nf6 4. Bg5 Be7 5. e3 O-O 6. Nc3 h6 7. Bh4 b6 8. Bd3 Bb7
9. O-O Nbd7 10. cxd5 Nxd5 11. Bg3 c5 12. Qe2 Nxc3 13. bxc3 Nf6 14. e4 cxd4 15.
cxd4 Rc8 16. Rfd1 Qe8 17. a4 Qc6 18. d5 exd5 19. Nd4 Qc5 20. e5 Ne4 21. Nf5 g6
22. Nxh6+ Kg7 23. Ng4 Nxg3 24. hxg3 Rh8 25. Qf3 Qc6 26. a5 Rh5 27. Kf1 Qc3 28.
Rab1 Ba6 29. Ne3 Bxd3+ 0-1

[Event "PRO League Group Stage"]
[Site "chess.com INT"]
[Date "2019.01.23"]
[Round "3"]
[White "Bryant, John Daniel"]
[Black "Nagle, Sean"]
[Result "0-1"]
[WhiteTitle "IM"]
[BlackTitle "IM"]
[WhiteElo "2449"]
[BlackElo "2432"]
[WhiteTeam "San Diego Surfers"]
[BlackTeam "Minnesota Blizzard"]
[WhiteFideId "2031280"]
[BlackFideId "2013878"]
[EventDate "2019.01.08"]

1. e4 g6 2. d4 Bg7 3. Nf3 d6 4. Bc4 e6 5. Nc3 Ne7 6. O-O a6 7. a4 b6 8. Bf4 Bb7
9. Re1 Nd7 10. Qd2 h6 11. Rad1 g5 12. Bg3 Ng6 13. h3 Qe7 14. Qd3 h5 15. Nd5 Qd8
16. Nxg5 Qxg5 17. Nxc7+ Ke7 18. h4 Nxh4 19. Qa3 Kd8 20. Bxe6 Bf8 21. f4 Qe7 22.
e5 Kxc7 23. exd6+ Qxd6 24. f5 Nf3+ 25. Qxf3 Bxf3 26. Bxd6+ Bxd6 27. gxf3 fxe6
28. fxe6 Rag8+ 29. Kf1 Nf6 30. c4 h4 31. a5 bxa5 32. c5 Be7 33. Re2 h3 34. Rdd2
Nd5 0-1

[Event "PRO League Group Stage"]
[Site "chess.com INT"]
[Date "2019.01.23"]
[Round "3"]
[White "Corrales Jimenez, Fidel"]
[Black "Sheng, Joshua"]
[Result "0-1"]
[WhiteTitle "GM"]
[BlackTitle "IM"]
[WhiteElo "2559"]
[BlackElo "2451"]
[WhiteTeam "Minnesota Blizzard"]
[BlackTeam "San Diego Surfers"]
[WhiteFideId "3506690"]
[BlackFideId "2057360"]
[EventDate "2019.01.08"]

1. e4 c5 2. Nf3 e6 3. d4 cxd4 4. Nxd4 a6 5. Bd3 Bc5 6. Nb3 Be7 7. Qg4 g6 8. Qe2
d6 9. O-O Nd7 10. c4 b6 11. Nc3 Bb7 12. Kh1 Qc7 13. a4 Nc5 14. Nxc5 bxc5 15. a5
Bf6 16. f4 Ne7 17. Bd2 Nc6 18. f5 Nd4 19. Qf2 Be5 20. fxe6 fxe6 21. Qh4 Nb3 22.
Rad1 Nxd2 23. Rxd2 Qe7 24. Qh3 Rf8 25. Rdf2 Rxf2 26. Rxf2 Bc6 27. Bc2 Rb8 28.
Ba4 Bd7 29. b3 Kd8 30. Rf1 Kc7 31. Bxd7 Kxd7 32. Nd5 Qg7 33. Nb6+ Ke7 34. Qh4+
g5 35. Qh5 Qg6 36. Qe2 Qh6 37. h3 Rf8 38. b4 Rxf1+ 39. Qxf1 Qh4 40. bxc5 dxc5
41. Qd1 Bd4 42. Nc8+ Kd7 43. Nb6+ Ke7 44. Nc8+ Kd7 45. Nb6+ Kc7 46. Qf1 Qf4 47.
Qxf4+ gxf4 48. Na4 Kc6 49. g4 fxg3 50. Kg2 Be5 51. h4 h5 52. Kf3 Bc7 53. Kg2 Kd6
54. Kxg3 Ke5 55. Kf3 Kd4 56. Nb6 Bd6 57. Nc8 Bc7 58. Nb6 Be5 59. Nd7 Bd6 60. Nf6
Kxc4 61. Nxh5 Kd3 62. Ng7 c4 63. e5 Bxe5 64. Nxe6 c3 65. Nc5+ Kc4 66. Nd7 c2 67.
Nxe5+ Kc3 68. Kg4 c1=Q 69. h5 Qh6 70. Nf3 Kd3 71. Ng5 Ke3 72. Nh3 Qe6+ 73. Kh4
Qf6+ 74. Kg4 Qe6+ 75. Kh4 Qe4+ 76. Kg5 Qf3 77. Kh4 Qf5 78. h6 Qg6 79. Ng5 Kf4
80. Nh3+ Kf5 81. Nf2 Qxh6+ 82. Kg3 Qe3+ 83. Kg2 Kf4 84. Nh3+ Kg4 85. Nf2+ Kh4
86. Nh1 Qd2+ 87. Kf1 Qd1+ 88. Kg2 Qe2+ 89. Nf2 Qd2 90. Kf3 Qxa5 91. Ne4 Qf5+ 92.
Ke3 a5 93. Nc3 Qc5+ 94. Kd3 Kg4 95. Kc2 Kf4 96. Kb2 Ke3 97. Na2 Kd2 98. Kb3 Kd3
99. Kb2 Qb5+ 100. Kc1 Qc4+ 101. Kb2 a4 102. Nc1+ Kd2 103. Na2 Qb3+ 104. Ka1 a3 0-1

[Event "PRO League Group Stage"]
[Site "chess.com INT"]
[Date "2019.01.23"]
[Round "3"]
[White "Flores Rios, Mauricio"]
[Black "Hilby, Craig"]
[Result "1-0"]
[WhiteTitle "GM"]
[BlackTitle "IM"]
[WhiteElo "2529"]
[BlackElo "2445"]
[WhiteTeam "Minnesota Blizzard"]
[BlackTeam "San Diego Surfers"]
[WhiteFideId "3408027"]
[BlackFideId "2062674"]
[EventDate "2019.01.08"]

1. d4 Nf6 2. c4 g6 3. Nc3 d5 4. cxd5 Nxd5 5. e4 Nxc3 6. bxc3 Bg7 7. Nf3 c5 8.
Rb1 O-O 9. Be2 cxd4 10. cxd4 Qa5+ 11. Bd2 Qxa2 12. O-O Bg4 13. Rxb7 Bxf3 14.
Bxf3 Bxd4 15. Bb4 Rd8 16. Qc1 e5 17. Be7 Re8 18. Bg4 Na6 19. Qc6 Reb8 20. Kh1 h5
21. Rxb8+ Rxb8 22. Bc8 Rb6 23. Qe8+ Kh7 24. h4 Qc4 25. Kh2 Nc7 26. Qf8 Qxf1 27.
Qxf7+ Kh8 28. Bf6+ Rxf6 29. Qxf6+ Kh7 30. Qe7+ Kh6 31. Qd8 Kg7 32. Qxc7+ Kf6 33.
Qd6+ Kg7 34. Qe7+ Kh6 35. Qf8+ Kh7 36. Be6 Qxf2 37. Qg8+ 1-0

[Event "PRO League Group Stage"]
[Site "chess.com INT"]
[Date "2019.01.23"]
[Round "3"]
[White "Song, Raymond"]
[Black "Safarli, Eltaj"]
[Result "0-1"]
[WhiteTitle "FM"]
[BlackTitle "GM"]
[WhiteElo "2329"]
[BlackElo "2681"]
[WhiteTeam "Australia Kangaroos"]
[BlackTeam "San Jose Hackers"]
[WhiteFideId "3203824"]
[BlackFideId "13402129"]
[EventDate "2019.01.08"]

1. Nf3 Nf6 2. g3 g6 3. b3 Bg7 4. Bb2 O-O 5. Bg2 d5 6. c4 Nc6 7. cxd5 Qxd5 8. Nc3
Qh5 9. h3 Rd8 10. d3 Ne4 11. Qc1 Nd6 12. Qg5 Qxg5 13. Nxg5 Nd4 14. Rc1 h6 15.
Nf3 Nxf3+ 16. Bxf3 c6 17. e3 Bf5 18. Ke2 a5 19. g4 Be6 20. d4 Bd7 21. Na4 Be8
22. Rhd1 e6 23. Rd2 Nb5 24. Nc5 Ra7 25. Rdc2 Nc7 26. Bc3 Nd5 27. Bd2 e5 28. dxe5
Bxe5 29. Nd3 Bg7 30. Rc5 b6 31. R5c2 c5 32. a4 Re7 33. Rc4 Bc6 34. R1c2 Bb7 35.
Bxa5 bxa5 36. Nxc5 Ba8 37. Rc1 g5 38. Ne4 Nb6 39. Rc7 Rxe4 40. Bxe4 Bxe4 41. f3
Bd5 42. Ra7 Bxb3 43. Rxa5 Nxa4 44. Rb5 Nc3+ 45. Rxc3 Bd1+ 0-1

[Event "PRO League Group Stage"]
[Site "chess.com INT"]
[Date "2019.01.23"]
[Round "3"]
[White "Cheng, Bobby"]
[Black "Izoria, Zviad"]
[Result "0-1"]
[WhiteTitle "IM"]
[BlackTitle "GM"]
[WhiteElo "2520"]
[BlackElo "2603"]
[WhiteTeam "Australia Kangaroos"]
[BlackTeam "San Jose Hackers"]
[WhiteFideId "4300033"]
[BlackFideId "13601733"]
[EventDate "2019.01.08"]

1. d4 Nf6 2. c4 g6 3. Nc3 d5 4. Nf3 Bg7 5. h4 c6 6. cxd5 cxd5 7. Bf4 O-O 8. e3
Nc6 9. Qb3 Na5 10. Qa3 Be6 11. Be2 Bg4 12. O-O e6 13. Rac1 Bxf3 14. gxf3 Re8 15.
Nb5 Bf8 16. Qa4 Nc6 17. Nc7 Nh5 18. Bh2 Qxh4 19. Nxa8 Rxa8 20. Qb5 Qe7 21. a3
Rd8 22. b4 Rd7 23. Qa4 Qg5+ 24. Kh1 Qh4 25. f4 Bd6 26. Bxh5 Qxh5 27. Qd1 Qh4 28.
Qf3 Ne7 29. Rg1 Nf5 30. Rc8+ Kg7 31. Rgc1 h5 32. Re8 Rd8 33. Rxd8 Qxd8 34. Kg1
a5 35. Qe2 axb4 36. axb4 Qh4 37. b5 g5 38. Qf3 g4 39. Qe2 Qd8 40. Bg3 Qa5 41.
Kf1 Qa3 42. Rb1 Be7 43. Kg1 Nd6 44. b6 Ne4 45. Re1 Bb4 46. Rf1 Nd2 47. Rd1 Nf3+
48. Kh1 Bd6 49. Rb1 Qa4 50. Rf1 f5 51. Rd1 Kf6 52. Bh2 h4 53. Qd3 Qa2 54. Qf1
Qa5 55. Rb1 Qd2 56. Rd1 Qc2 57. Rc1 Qe4 58. Qg2 h3 59. Qg3 Nxd4+ 60. f3 Nxf3 61.
Rc8 Nd4+ 62. Kg1 Ne2+ 0-1

[Event "PRO League Group Stage"]
[Site "chess.com INT"]
[Date "2019.01.23"]
[Round "3"]
[White "Chirila, Ioan-Cristian"]
[Black "Smirnov, Anton"]
[Result "1-0"]
[WhiteTitle "GM"]
[BlackTitle "GM"]
[WhiteElo "2566"]
[BlackElo "2569"]
[WhiteTeam "San Jose Hackers"]
[BlackTeam "Australia Kangaroos"]
[WhiteFideId "1211668"]
[BlackFideId "3208923"]
[EventDate "2019.01.08"]

1. Nf3 d5 2. g3 g6 3. Bg2 Bg7 4. O-O e5 5. c4 dxc4 6. Na3 e4 7. Ne1 f5 8. Nxc4
Nc6 9. d3 Be6 10. Qa4 a6 11. Na5 Bd7 12. Nxb7 Qe7 13. dxe4 Nd4 14. Qa5 fxe4 15.
Be3 Bc6 16. Nc5 Nxe2+ 17. Kh1 Nf6 18. Nxa6 O-O 19. Bc5 Rxa6 20. Qxa6 Qxc5 21.
Qxe2 Bb5 22. Qc2 Qxc2 23. Nxc2 Bxf1 24. Rxf1 Ng4 25. Kg1 Bxb2 26. Bxe4 c5 27. a4
Bc3 28. Ne3 Ne5 29. Nd5 Ba5 30. Rc1 Nd7 31. Nf4 Rc8 32. Bb7 Rc7 33. Bd5+ Kh8 34.
Ne6 Rc8 35. Bb7 Rb8 36. Nxc5 Bd2 37. Nxd7 Rxb7 38. Rc8+ Kg7 39. Nc5 Rb1+ 40. Kg2
Ra1 41. Nb3 Ra2 42. Nxd2 Rxd2 43. Rc7+ Kg8 44. a5 Ra2 45. Ra7 Ra3 46. a6 Kh8 47.
f4 h5 48. Kh3 Kg8 49. Kg2 Kh8 50. Kf2 Ra2+ 51. Ke3 Kg8 52. Kd4 Ra5 53. Kc4 Kh8
54. Kb4 Ra2 55. Kc5 Kg8 56. Kd6 Rb2 57. Rb7 1-0

[Event "PRO League Group Stage"]
[Site "chess.com INT"]
[Date "2019.01.23"]
[Round "3"]
[White "Ravuri, Vinesh"]
[Black "Sarana, Alexey"]
[Result "0-1"]
[BlackTitle "GM"]
[WhiteElo "2042"]
[BlackElo "2630"]
[WhiteTeam "San Jose Hackers"]
[BlackTeam "Australia Kangaroos"]
[WhiteFideId "45042632"]
[BlackFideId "24133795"]
[EventDate "2019.01.08"]

1. d4 Nf6 2. Nc3 d5 3. Bf4 e6 4. e3 Be7 5. Nf3 O-O 6. Bd3 c5 7. dxc5 Nbd7 8. b4
Nh5 9. Ne5 Nxf4 10. exf4 Bf6 11. O-O g6 12. Re1 a6 13. Rb1 Qc7 14. Nxd7 Bxd7 15.
Ne2 Rfd8 16. Qd2 b6 17. cxb6 Qxb6 18. Qe3 Qc7 19. Nd4 Qc3 20. Nf3 Ba4 21. Ne5
Rdc8 22. h3 Bxe5 23. fxe5 Bxc2 24. Bxc2 Qxe3 25. Rxe3 Rxc2 26. a4 Rb8 27. b5
axb5 28. axb5 Rb6 29. g3 g5 30. Kg2 Kg7 31. Ra3 Rc5 32. Rab3 Kg6 33. g4 h5 34.
Rb4 h4 35. R1b3 Rc1 36. Kf3 Kg7 37. Ra3 Rc5 38. Rab3 f6 39. exf6+ Kxf6 40. Ke3
e5 41. f3 Ke6 42. Ra4 Rcxb5 43. Rxb5 Rxb5 44. Ra6+ Ke7 45. Ra7+ Kd6 46. Rg7 Rb3+
47. Ke2 Rb2+ 48. Ke3 d4+ 49. Kd3 Rf2 50. Rf7 Kd5 51. Rf5 Rxf3+ 0-1

[Event "PRO League Group Stage"]
[Site "chess.com INT"]
[Date "2019.01.23"]
[Round "3"]
[White "Naroditsky, Daniel"]
[Black "Yu, Jason"]
[Result "1-0"]
[WhiteTitle "GM"]
[WhiteElo "2616"]
[BlackElo "2081"]
[WhiteTeam "San Francisco Mechanics"]
[BlackTeam "Seattle Sluggers"]
[WhiteFideId "2026961"]
[BlackFideId "30907624"]
[EventDate "2019.01.08"]

1. b3 d5 2. Bb2 c5 3. Nf3 Nc6 4. e3 Bf5 5. Bb5 e6 6. Ne5 Qc7 7. O-O Ne7 8. c4 a6
9. Ba4 dxc4 10. bxc4 O-O-O 11. Nxf7 Ng6 12. Nxd8 Nxd8 13. d4 Bd6 14. h3 cxd4 15.
Bxd4 e5 16. Bb2 Ne6 17. Nc3 Nh4 18. e4 Bxh3 19. gxh3 h5 20. Kh1 Qf7 21. f4 Bc5
22. f5 Nd4 23. Nd5 g6 24. f6 g5 25. Bxd4 Bxd4 26. Rb1 g4 27. Ne7+ Kc7 28. Rxb7+
Kxb7 29. Qb3+ Kc7 30. Rb1 Qe6 31. Qb7+ 1-0

[Event "PRO League Group Stage"]
[Site "chess.com INT"]
[Date "2019.01.23"]
[Round "3"]
[White "Sargissian, Gabriel"]
[Black "Jirasek, Ladia"]
[Result "1-0"]
[WhiteTitle "GM"]
[BlackTitle "FM"]
[WhiteElo "2689"]
[BlackElo "2376"]
[WhiteTeam "Seattle Sluggers"]
[BlackTeam "San Francisco Mechanics"]
[WhiteFideId "13300881"]
[BlackFideId "2094398"]
[EventDate "2019.01.08"]

1. d4 Nf6 2. Nf3 g6 3. c4 Bg7 4. g3 O-O 5. Bg2 d6 6. O-O c6 7. Nc3 Qa5 8. h3 e5
9. e4 Nbd7 10. Be3 exd4 11. Nxd4 Nb6 12. Nb3 Qh5 13. Qxh5 Nxh5 14. Na5 Be6 15.
c5 Nc4 16. Nxc4 Bxc4 17. Rfd1 dxc5 18. Bxc5 Rfd8 19. Be7 Rxd1+ 20. Rxd1 Be6 21.
a3 Re8 22. Bc5 a6 23. Rd2 Nf6 24. f4 Nd7 25. Bd4 f5 26. Bxg7 Kxg7 27. e5 Kf7 28.
Kf2 Ke7 29. Na4 Rd8 30. b4 Bb3 31. Nc5 Nxc5 32. Rxd8 Kxd8 33. bxc5 Kc7 34. Ke3
b6 35. cxb6+ Kxb6 36. Kd4 c5+ 37. Kc3 Be6 38. Bf1 a5 39. Bc4 Bd7 40. Bf7 Kc7 41.
e6 Bc6 42. e7 1-0

[Event "PRO League Group Stage"]
[Site "chess.com INT"]
[Date "2019.01.23"]
[Round "3"]
[White "He, Anthony"]
[Black "Xiong, Jeffery"]
[Result "0-1"]
[WhiteTitle "FM"]
[BlackTitle "GM"]
[WhiteElo "2265"]
[BlackElo "2672"]
[WhiteTeam "Chengdu Pandas"]
[BlackTeam "Dallas Destiny"]
[WhiteFideId "2088215"]
[BlackFideId "2047640"]
[EventDate "2019.01.08"]

1. e4 e5 2. Nf3 Nc6 3. Bc4 Bc5 4. O-O Nf6 5. d3 d6 6. c3 h6 7. Re1 O-O 8. Bb3 a5
9. h3 Be6 10. Ba4 Bd7 11. Nbd2 Qb8 12. Nf1 b5 13. Bc2 Qa7 14. Be3 Bxe3 15. Nxe3
Rfe8 16. Nh4 g6 17. Qf3 Kg7 18. Qg3 a4 19. a3 Qb8 20. Rad1 Qd8 21. Nf3 Nh5 22.
Qh4 Qxh4 23. Nxh4 Nf4 24. Nf3 Na5 25. d4 exd4 26. Nxd4 Rab8 27. Kh2 Nc4 28. Rb1
Nd2 29. Rbd1 Nxe4 30. Nd5 Nxd5 31. Bxe4 Nb6 32. Bc6 Bxc6 33. Nxc6 Ra8 34. Nd4
Rxe1 35. Rxe1 Nc4 36. Nxb5 c6 37. Nd4 c5 38. Nc2 Rb8 39. Ne3 Nxe3 40. Rxe3 Rxb2
41. Rd3 Rb3 42. Rxd6 Rxc3 43. Rc6 Kf8 44. Rc7 Ke8 45. h4 Kd8 46. Rxf7 Rxa3 47.
Rf6 c4 48. Rxg6 c3 49. Rc6 Rb3 50. g4 Kd7 51. Rc4 a3 52. Rd4+ Ke6 53. Rd1 c2 54.
Rc1 a2 0-1

[Event "PRO League Group Stage"]
[Site "chess.com INT"]
[Date "2019.01.23"]
[Round "3"]
[White "Bai, Jinshi"]
[Black "Stremavicius, Titas"]
[Result "1-0"]
[WhiteTitle "GM"]
[BlackTitle "IM"]
[WhiteElo "2572"]
[BlackElo "2456"]
[WhiteTeam "Chengdu Pandas"]
[BlackTeam "Dallas Destiny"]
[WhiteFideId "8602280"]
[BlackFideId "12804444"]
[EventDate "2019.01.08"]

1. Nf3 d5 2. d4 Nf6 3. c4 e6 4. g3 dxc4 5. Bg2 a6 6. O-O Nc6 7. Nbd2 Nxd4 8.
Nxc4 Nxf3+ 9. Bxf3 Qxd1 10. Rxd1 Be7 11. Na5 Nd5 12. e4 Nf6 13. Bf4 b6 14. e5
Nd5 15. Rxd5 bxa5 16. Rxa5 Rb8 17. Bc6+ Kf8 18. b3 g5 19. Be3 Kg7 20. Rd1 h6 21.
Rd3 Rd8 22. Rxd8 Bxd8 23. Ba7 Rb4 24. Bc5 Rb8 25. Ra4 Rb6 26. Bxb6 cxb6 27. Rc4
Kf8 28. Bb5 Bb7 29. Rd4 Bc7 30. Rd7 Bxe5 31. Rxb7 axb5 32. Rxb6 1-0

[Event "PRO League Group Stage"]
[Site "chess.com INT"]
[Date "2019.01.23"]
[Round "3"]
[White "Harmon-Vellotti, Luke"]
[Black "Xu, Xiangyu"]
[Result "1/2-1/2"]
[WhiteTitle "IM"]
[BlackTitle "GM"]
[WhiteElo "2455"]
[BlackElo "2567"]
[WhiteTeam "Dallas Destiny"]
[BlackTeam "Chengdu Pandas"]
[WhiteFideId "2030012"]
[BlackFideId "8608288"]
[EventDate "2019.01.08"]

1. e4 c5 2. Nf3 Nc6 3. d4 cxd4 4. Nxd4 Nf6 5. Nc3 d6 6. Bg5 e6 7. Qd2 a6 8.
O-O-O Be7 9. f3 Nxd4 10. Qxd4 b5 11. e5 dxe5 12. Qxe5 Qb6 13. Bd3 h6 14. Be3 Qb8
15. Qxb8 Rxb8 16. a4 Bd7 17. axb5 axb5 18. Ne4 Bc6 19. Nxf6+ Bxf6 20. Bc5 Be7
21. Bxe7 Kxe7 22. Kd2 f5 23. Ra1 Ra8 24. Kc3 Rhb8 25. Kb4 Ra4+ 26. Kc3 g5 27. b3
b4+ 28. Kd4 Rxa1 29. Rxa1 Kd6 30. Ra6 h5 31. Kc4 h4 32. g3 Kd7 33. Ra7+ Kd6 34.
Ra6 Kd7 35. Ra7+ Kd6 36. Ra6 1/2-1/2